00573nam a22001452 4500001001100000005001700011008004100028020002700069040001500096100003600111245014300147260004200290300001700332650007800349000000635820151217152017.0071023s xx 000 0 eng d a1563089525 :cKES 6118 aKABUcKABU1 aNisonger, Thomas E.@000015782910aEvaluation of library collections, access and electronic resources :ba literature guide and annotated bibliography /cThomas E. Nisonger. aLondon :bLibraries Unlimited,c2003. axxvi 316 p. 0aCollection development (Libraries)xEvaluationxBibliography.@0000157830